|
|
|
|
| LEADER |
00000nam0a2200000 4500 |
| 001 |
247068 |
| 005 |
20231101232252.0 |
| 035 |
|
|
|a (RuTPU)RU\TPU\book\268541
|
| 090 |
|
|
|a 247068
|
| 100 |
|
|
|a 20131216d1961 m y0rusy50 ca
|
| 101 |
0 |
|
|a rus
|
| 102 |
|
|
|a RU
|
| 105 |
|
|
|a a z 000zy
|
| 200 |
1 |
|
|a Очевидное? Нет, еще неизведанное...
|f В. П. Смилга
|
| 210 |
|
|
|a Москва
|c Молодая гвардия
|d 1961
|
| 215 |
|
|
|a 352 с.
|c ил.
|
| 600 |
|
1 |
|a Галилей
|b Г.
|c итальянский учёный
|c один из основателей точного естествознания
|f 1564-1642
|g Галилео
|2 stltpush
|3 (RuTPU)RU\TPU\pers\94
|9 56
|
| 600 |
|
1 |
|a Ньютон
|b И.
|c английский математик
|c механик
|c астроном
|c физик
|f 1642-1726
|g Исаак
|2 stltpush
|3 (RuTPU)RU\TPU\pers\346
|9 170
|
| 600 |
|
1 |
|a Эйнштейн
|g Альберт
|b А.
|c немецкий физик-теоретик
|c Нобелевский лауреат
|f 1879-1955
|2 stltpush
|3 (RuTPU)RU\TPU\pers\817
|
| 606 |
1 |
|
|a Физика теоретическая
|2 stltpush
|3 (RuTPU)RU\TPU\subj\63728
|9 80703
|
| 610 |
1 |
|
|a механика
|
| 610 |
1 |
|
|a измерения
|
| 610 |
1 |
|
|a теория
|
| 610 |
1 |
|
|a движение
|
| 610 |
1 |
|
|a тяготение
|
| 610 |
1 |
|
|a свет
|
| 610 |
1 |
|
|a эфир
|
| 610 |
1 |
|
|a одновременность
|
| 610 |
1 |
|
|a время
|
| 610 |
1 |
|
|a преобразование Лоренца
|
| 610 |
1 |
|
|a длина
|
| 610 |
1 |
|
|a масса
|
| 610 |
1 |
|
|a энергия
|
| 610 |
1 |
|
|a фотонные ракеты
|
| 675 |
|
|
|a 530.1
|v 3
|
| 700 |
|
1 |
|a Смилга
|b В. П.
|g Вольдемар Петрович
|
| 801 |
|
1 |
|a RU
|b 63413507
|c 20131216
|
| 801 |
|
2 |
|a RU
|b 63413507
|c 20170127
|g RCR
|
| 942 |
|
|
|c BK
|